Normal view
MARC view
Entry Personal Name
001 - CONTROL NUMBER
- control field: 55605
003 - CONTROL NUMBER IDENTIFIER
- control field: OSt
005 - DATE AND TIME OF LATEST TRANSACTION
- control field: 20160507153319.0
008 - FIXED-LENGTH DATA ELEMENTS
- fixed length control field: 160507|| aca||aabn | a|a d
040 ## - CATALOGING SOURCE
- Original cataloging agency: OSt
- Transcribing agency: OSt
100 ## - HEADING--PERSONAL NAME
- Personal name: शास्त्री, विष्णुकान्त
670 ## - SOURCE DATA FOUND
- Source citation: Work cat.: (OSt)17839: शास्त्री, विष्णुकान्त , सुधियॉ उस चन्दन के वन की , 2002









